Maltrato infantil : ecología social, prevención y reparación

Bibliographic Details
Main Author: Barudy, Jorge
Format: Libro
Language:Spanish
Published: Santiago, Chile: Editorial, 1999.
Subjects:

MARC

LEADER 00000cam a2200000 a 4500
001 013226
003 UAHC_CL
005 20221130092516.0
008 020821b1999 cl g 000 spa
040 |a UAHC_CL  |c UAHC_CL  |d UAHC_CL 
100 1 |a Barudy, Jorge 
245 1 0 |a Maltrato infantil :  |b ecología social, prevención y reparación  |c Jorge Barudy. 
260 |a Santiago, Chile:  |b Editorial,  |c 1999. 
300 |a 228 páginas. 
521 |a Taller y práctica de trabajo social con casos familia. 
650 0 |a Trabajo social con niños  |9 5694 
650 0 |a Maltrato al niño  |9 15834  |x Aspectos psicológicos 
900 |a 362.7 BAR 
942 |c BK 
952 |0 0  |1 0  |4 0  |6 362_700000000000000_BAR  |7 0  |8 COMP  |9 26689  |a BC  |b BC  |c General  |d 2017-08-03  |l 5  |m 7  |o 362.7 BAR  |p 1321428  |r 2026-01-19 00:00:00  |s 2018-12-18  |t 1  |w 2017-08-03  |y BK  |z Fotocopia 
952 |0 0  |1 0  |4 0  |6 362_700000000000000_BAR  |7 0  |8 COMP  |9 26690  |a BC  |b BC  |c General  |d 2017-08-03  |l 7  |m 13  |o 362.7 BAR  |p 1373257  |r 2026-01-19 00:00:00  |s 2019-01-22  |t 2  |w 2017-08-03  |y BK  |z Fotocopia 
952 |0 0  |1 0  |4 0  |6 362_700000000000000_BAR  |7 0  |8 COMP  |9 26691  |a BC  |b BC  |c General  |d 2017-08-03  |l 6  |m 9  |o 362.7 BAR  |p 1350764  |r 2026-01-19 00:00:00  |s 2018-12-27  |t 3  |w 2017-08-03  |x Rayado con lápiz mina y manchas de color. RLC. 31/10/2018  |y BK  |z Fotocopia 
999 |c 13226  |d 13226